Countries With McDonald's - Sudden Death - Statistics

General Stats
  • This quiz has been taken 3,730 times
  • The average score is 3 of 17
Answers on the Grid
Answers color-coded by a green-red scale on the quiz's grid according to % correct below.
Albania
Andorra
Armenia
Azerbaijan
Belize
Bolivia
Botswana
Brunei
Burkina Faso
Cuba
Fiji
Greece
Guyana
Iceland
Jordan
Kazakhstan
Kenya
Laos
Liechtenstein
Luxembourg
Moldova
Monaco
Nepal
Nicaragua
Nigeria
Papua New Guinea
Paraguay
Russia
Serbia
South Africa
Suriname
Vietnam
 
Answer Stats
Answer % Correct
Greece
51%
South Africa
43%
Vietnam
27%
Luxembourg
26%
Andorra
20%
Serbia
19%
Monaco
18%
Azerbaijan
13%
Cuba
11%
Liechtenstein
11%
Fiji
9%
Paraguay
8%
Jordan
7%
Moldova
6%
Brunei
4%
Nicaragua
4%
Suriname
3%
No matching quizzes found
Score Distribution
Percent of People with Each Score
Percentile by Number Answered
Your Score History
You have not taken this quiz